La Conquete Des Etats Nestoriens (Record no. 869)

MARC details
000 -LEADER
fixed length control field 00579nam a2200241 a 4500
020 ## - INTERNATIONAL STANDARD BOOK NUMBER
ISBN
082 00 - DEWEY DECIMAL CLASSIFICATION NUMBER
Classification number 281.8
Author Cutter BLO
100 ## - MAIN ENTRY--AUTHOR NAME
Author name Blochet, E
245 ## - TITLE STATEMENT
Title La Conquete Des Etats Nestoriens
260 ## - PUBLICATION, DISTRIBUTION, ETC. (IMPRINT)
Place of publication Paris
Name of publisher Librairie Auguste Picard
Year of publication 1926
300 ## - PHYSICAL DESCRIPTION
Number of Pages 129p
500 ## - GENERAL NOTE
General note includes index and biblioraphy
505 2# - FORMATTED CONTENTS NOTE
Formatted contents note Bibliography
650 ## - SUBJECT ADDED ENTRY--TOPICAL TERM
Topical Term Nestorian Church
942 ## - ADDED ENTRY ELEMENTS (KOHA)
Koha item type Books
700 1# -
-- Blochet, E
Holdings
Collection code Home library Current library Date acquired Cost, normal purchase price Full call number Accession Number Koha item type
  Henry Martyn Institute Library Henry Martyn Institute Library 07/19/2007 100.00 281.8 BLO 04911 Books
                   Copyright © 2026 | Henry Martyn Institute | Hyderabad | TS-500052 | INDIA | Implemented by hmi.edu.in
Hit-Count:

Powered by Koha